[Event "Aeroflot Open"]
[Site "Moscow RUS"]
[Date "2009.02.23"]
[Round "7"]
[White "Smirnov, P."]
[Black "Sjugirov, S."]
[Result "1/2-1/2"]
[WhiteElo "2579"]
[BlackElo "2562"]
[PlyCount "126"]
[EventDate "2009.02.17"]
[SourceDate "1999.07.01"]

1. e4 c5 2. Nf3 d6 3. d4 cxd4 4. Nxd4 Nf6 5. Nc3 a6 6. Be3 e5 7. Nb3 Be6 8. Qd2
Be7 9. f3 O-O 10. O-O-O Nbd7 11. g4 b5 12. g5 b4 13. Ne2 Ne8 14. f4 a5 15. f5
a4 16. Nbd4 exd4 17. Nxd4 b3 18. Kb1 bxc2+ 19. Nxc2 Bb3 20. axb3 axb3 21. Na3
Ne5 22. h4 Ra4 23. Rh3 Rxe4 24. Qg2 Rg4 25. Qb7 Qd7 26. Qxd7 Nxd7 27. Nb5 f6
28. Nd4 Ne5 29. Ne6 fxg5 30. Nxf8 Kxf8 31. hxg5 Bxg5 32. Bxg5 Rxg5 33. Rxb3
Rxf5 34. Rb8 Nd7 35. Ra8 Nb6 36. Ra6 Nd5 37. Bd3 Rf6 38. Ra7 h5 39. Be2 Rf5 40.
Bd3 Rg5 41. Bc4 Nef6 42. Ra8+ Ke7 43. Re1+ Re5 44. Ra7+ Ke6 45. Rf1 g5 46. Rg7
g4 47. Kc2 h4 48. Kd2 g3 49. Kd3 Rh5 50. Kd4 Re5 51. Rf4 Rh5 52. Rf1 Re5 53.
Rf4 Rh5 54. Rg6 Ke7 55. Rf1 Re5 56. Bd3 Nh5 57. Rg4 Ndf4 58. Rxh4 g2 59. Rg1
Ne6+ 60. Kc3 Nhf4 61. Ba6 Ra5 62. Bc4 d5 63. Bd3 Ra2 1/2-1/2

[Event "2nd Pfalz Open"]
[Site "Neustadt an der Weinstrasse G"]
[Date "2009.02.18"]
[Round "5"]
[White "Tiviakov, S."]
[Black "Borovikov, V."]
[Result "1/2-1/2"]
[WhiteElo "2684"]
[BlackElo "2582"]
[PlyCount "61"]
[EventDate "2009.02.15"]
[SourceDate "1999.07.01"]

1. e4 c5 2. Nf3 d6 3. d4 cxd4 4. Nxd4 Nf6 5. Nc3 a6 6. f4 e5 7. Nf3 Nbd7 8. a4
Be7 9. Bd3 O-O 10. O-O exf4 11. Kh1 Nh5 12. Nd4 Ndf6 13. Be2 g6 14. Nf5 Be6 15.
Nxe7+ Qxe7 16. Bxh5 Nxh5 17. Bxf4 Nxf4 18. Rxf4 Rac8 19. Rf2 Qc7 20. Qd4 Qc5
21. Rd1 b5 22. axb5 axb5 23. Rdd2 Ra8 24. h3 b4 25. Nd1 Ra1 26. Kh2 Qe5+ 27.
Qxe5 dxe5 28. b3 Rc8 29. Rfe2 Kg7 30. Nb2 Ra5 31. Nd3 1/2-1/2

[Event "Aeroflot Open"]
[Site "Moscow RUS"]
[Date "2009.02.24"]
[Round "8"]
[White "Smirnov, P."]
[Black "Vitiugov, N."]
[Result "0-1"]
[WhiteElo "2579"]
[BlackElo "2687"]
[PlyCount "60"]
[EventDate "2009.02.17"]
[SourceDate "1999.07.01"]

1. e4 c5 2. Nf3 d6 3. d4 cxd4 4. Nxd4 Nf6 5. Nc3 a6 6. Be3 e5 7. Nb3 Be7 8. f3
Be6 9. Qd2 O-O 10. O-O-O a5 11. a4 Nc6 12. g4 Nb4 13. Kb1 Rc8 14. h4 d5 15. g5
Ne8 16. exd5 Bf5 17. Rc1 b6 18. Be2 Nd6 19. h5 Qd7 20. Na1 Nc4 21. Bxc4 Rxc4
22. b3 Rcc8 23. Kb2 Rxc3 24. Qxc3 Nxd5 25. Qe1 Qd6 26. Bd2 Qa3+ 27. Kb1 Bb4 28.
Rd1 Rc8 29. Qxe5 Rxc2 30. Nxc2 Nc3+ 0-1

[Event "Aeroflot Open"]
[Site "Moscow RUS"]
[Date "2009.02.24"]
[Round "8"]
[White "Andriasian, Z."]
[Black "Li Chao2"]
[Result "1-0"]
[WhiteElo "2564"]
[BlackElo "2628"]
[PlyCount "77"]
[EventDate "2009.02.17"]
[SourceDate "1999.07.01"]

1. e4 c5 2. Nf3 d6 3. d4 cxd4 4. Nxd4 Nf6 5. Nc3 a6 6. Bg5 e6 7. f4 Nbd7 8. Qf3
Qc7 9. O-O-O b5 10. Bd3 Bb7 11. Rhe1 Be7 12. a3 Qb6 13. Nb3 b4 14. axb4 Qxb4
15. Qh3 Rc8 16. f5 Rxc3 17. bxc3 Qa3+ 18. Kb1 e5 19. g4 Nd5 20. Bd2 N5b6 21.
Bc1 Qa4 22. g5 Nc5 23. Nxc5 dxc5 24. f6 gxf6 25. gxf6 Bc8 26. Qe3 Be6 27. Bb2
Qa2+ 28. Kc1 Bxf6 29. Qh6 Ke7 30. Rf1 Nd7 31. Bb5 axb5 32. Rxd7+ Kxd7 33. Qxf6
Qa8 34. Rd1+ Kc6 35. Qe7 b4 36. cxb4 cxb4 37. Qd6+ Kb7 38. Qxb4+ Kc8 39. Bxe5
1-0

[Event "Aeroflot Open"]
[Site "Moscow RUS"]
[Date "2009.02.24"]
[Round "8"]
[White "Bartel, Mat"]
[Black "Shomoev, A."]
[Result "0-1"]
[WhiteElo "2594"]
[BlackElo "2567"]
[PlyCount "106"]
[EventDate "2009.02.17"]
[SourceDate "1999.07.01"]

1. e4 c5 2. Nf3 d6 3. d4 cxd4 4. Nxd4 Nf6 5. Nc3 a6 6. Be3 e6 7. g4 e5 8. Nf5
g6 9. g5 gxf5 10. exf5 d5 11. Qf3 Ne4 12. Nxe4 dxe4 13. Qxe4 Nc6 14. Bc4 Qd7
15. Bd5 Ne7 16. O-O-O Qxf5 17. Qa4+ b5 18. Qe4 Rb8 19. Ba7 Qxe4 20. Bxe4 Rb7
21. Bxb7 Bxb7 22. Rhe1 Nc6 23. Be3 h6 24. gxh6 Bxh6 25. f4 Bf8 26. fxe5 Bc8 27.
Bf4 Be6 28. Kb1 Be7 29. Rg1 Nb4 30. a3 Nd5 31. Bg3 Kd7 32. h4 Kc6 33. Rh1 Rh5
34. Rde1 Bc5 35. Rd1 a5 36. Rd3 Bf5 37. Rd2 b4 38. Ka2 Be6 39. Kb1 bxa3 40. Bf2
Bb4 41. c3 Be7 42. c4 Bf5+ 43. Ka2 Nb4+ 44. Kxa3 Nd3+ 45. Ka2 Bb4 46. Re2 Bg4
47. Rc2 Rxe5 48. Bd4 Rh5 49. Bf6 Bd6 50. Rd2 Be6 51. b3 Nc5 52. Rc2 Ne4 53. Bd8
Rh8 0-1

[Event "Aeroflot Open"]
[Site "Moscow RUS"]
[Date "2009.02.25"]
[Round "9"]
[White "Naiditsch, A."]
[Black "Sjugirov, S."]
[Result "1-0"]
[WhiteElo "2693"]
[BlackElo "2562"]
[PlyCount "107"]
[EventDate "2009.02.17"]
[SourceDate "1999.07.01"]

1. e4 c5 2. Nf3 d6 3. d4 cxd4 4. Nxd4 Nf6 5. Nc3 a6 6. Bg5 e6 7. f4 Nbd7 8. Bc4
Qb6 9. Bxf6 Nxf6 10. Bb3 e5 11. Ba4+ Ke7 12. Nde2 exf4 13. Bb3 Be6 14. Nd4 g6
15. Qd2 h5 16. O-O-O Bxb3 17. axb3 Bh6 18. Kb1 Kf8 19. Rhf1 Kg7 20. g3 f3 21.
Qf2 Qc7 22. Qxf3 Qe7 23. Nde2 Rae8 24. Nf4 Rhf8 25. Nfd5 Nxd5 26. Nxd5 Qd8 27.
Nf6 Re6 28. e5 Kh8 29. Qxb7 Bg7 30. Nd7 Re7 31. Rxd6 Bxe5 32. Nxe5 Qxd6 33.
Nxg6+ fxg6 34. Rxf8+ Kg7 35. Qf3 Qb6 36. Qf1 Re1+ 37. Qxe1 Kxf8 38. b4 Kf7 39.
h4 Qd6 40. Qc3 Qd7 41. b3 Qd6 42. Kb2 Kg8 43. Qc4+ Kg7 44. Qf4 Qe6 45. Qd4+ Kh7
46. c4 Qe2+ 47. Ka3 Qe1 48. c5 Qxg3 49. c6 g5 50. Qd7+ Kg6 51. Qe6+ Kh7 52.
Qf7+ Kh6 53. Qf6+ Kh7 54. hxg5 1-0

[Event "Aeroflot Open"]
[Site "Moscow RUS"]
[Date "2009.02.25"]
[Round "9"]
[White "Li Chao2"]
[Black "Shomoev, A."]
[Result "1/2-1/2"]
[WhiteElo "2628"]
[BlackElo "2567"]
[PlyCount "98"]
[EventDate "2009.02.17"]
[SourceDate "1999.07.01"]

1. e4 c5 2. Nf3 d6 3. d4 cxd4 4. Nxd4 Nf6 5. Nc3 a6 6. Be2 e6 7. O-O Be7 8. a4
Nc6 9. Be3 O-O 10. f4 Qc7 11. Kh1 Re8 12. Bf3 Rb8 13. Qd2 Bd7 14. Nb3 b6 15. g4
Bc8 16. g5 Nd7 17. Bg2 Bb7 18. Qf2 Na5 19. Nd4 Bf8 20. Rad1 Nc6 21. Nde2 Nb4
22. Rd2 Ba8 23. h4 g6 24. h5 Bg7 25. Rfd1 Bf8 26. Qh4 Rbd8 27. Bg1 Bg7 28. hxg6
hxg6 29. Rxd6 Nxc2 30. R1d2 Nb4 31. e5 Bxg2+ 32. Kxg2 Nc5 33. Bxc5 bxc5 34. Qf2
Rxd6 35. Rxd6 Rd8 36. Rxd8+ Qxd8 37. Qxc5 Qa8+ 38. Kg3 Bf8 39. Qd4 Qh1 40. Ne4
Kg7 41. Qe3 Nd5 42. Qf3 Qa1 43. b3 Bb4 44. Nf6 Ne7 45. Kg4 Qb1 46. Qe4 Qd1 47.
Qg2 Qc2 48. Qe4 Qd1 49. Ne8+ Kg8 1/2-1/2

[Event "Aeroflot Open"]
[Site "Moscow RUS"]
[Date "2009.02.25"]
[Round "9"]
[White "Maze, S."]
[Black "Maslak, K."]
[Result "1/2-1/2"]
[WhiteElo "2579"]
[BlackElo "2541"]
[PlyCount "81"]
[EventDate "2009.02.17"]
[SourceDate "1999.07.01"]

1. e4 c5 2. Nf3 d6 3. d4 cxd4 4. Nxd4 Nf6 5. Nc3 a6 6. Bc4 e6 7. Bb3 Nbd7 8.
Bg5 Nc5 9. Qe2 Be7 10. O-O-O Nfxe4 11. Bxe7 Nxc3 12. Bxd8 Nxe2+ 13. Nxe2 Kxd8
14. Rxd6+ Kc7 15. Rhd1 b5 16. f3 Bb7 17. R6d4 g6 18. c3 e5 19. R4d2 Nxb3+ 20.
axb3 Rad8 21. Rxd8 Rxd8 22. Rxd8 Kxd8 23. b4 Ke7 24. Kd2 Kd6 25. h4 f5 26. Nc1
h6 27. Nd3 Bd5 28. f4 exf4 29. Nxf4 g5 30. hxg5 hxg5 31. Nxd5 Kxd5 32. b3 f4
33. Ke2 Ke4 34. c4 bxc4 35. bxc4 g4 36. c5 f3+ 37. gxf3+ gxf3+ 38. Kf2 Kd5 39.
Kxf3 a5 40. bxa5 Kxc5 41. Ke4 1/2-1/2

[Event "Bundesliga 2008-9"]
[Site "Eppingen GER"]
[Date "2009.02.28"]
[Round "12"]
[White "Feygin, M."]
[Black "Shirov, A."]
[Result "0-1"]
[WhiteElo "2569"]
[BlackElo "2726"]
[PlyCount "60"]
[EventDate "2008.10.03"]
[SourceDate "1999.07.01"]

1. e4 c5 2. Nf3 d6 3. d4 cxd4 4. Nxd4 Nf6 5. Nc3 a6 6. Bc4 e6 7. Bb3 b5 8. Bg5
b4 9. Na4 Be7 10. Qe2 Bb7 11. f3 O-O 12. c3 bxc3 13. Nxc3 Nxe4 14. Nxe6 fxe6
15. Bxe7 Qxe7 16. Nxe4 d5 17. Nc3 Nc6 18. Rd1 Qf6 19. O-O Nd4 20. Qe3 Nxb3 21.
axb3 Rfd8 22. Ne2 e5 23. f4 d4 24. Qxe5 Qb6 25. Rd3 a5 26. Rf2 Ba6 27. Rxd4 Re8
28. Qd5+ Kh8 29. h3 Bxe2 30. Rxe2 Red8 0-1

[Event "Bundesliga 2008-9"]
[Site "Eppingen GER"]
[Date "2009.03.01"]
[Round "13"]
[White "Adams, Mi"]
[Black "Efimenko, Z."]
[Result "1/2-1/2"]
[WhiteElo "2734"]
[BlackElo "2680"]
[PlyCount "138"]
[EventDate "2008.10.03"]
[SourceDate "1999.07.01"]

1. e4 c5 2. Nf3 d6 3. d4 cxd4 4. Nxd4 Nf6 5. Nc3 a6 6. Be2 e5 7. Nb3 Be7 8. O-O
O-O 9. Be3 Be6 10. Qd2 Nbd7 11. a4 Rc8 12. a5 h6 13. f3 Qc7 14. Rac1 Nc5 15.
Nd5 Nxd5 16. exd5 Bf5 17. Na1 Qd8 18. b4 Nd7 19. Nb3 Bg5 20. Bxg5 Qxg5 21. Qxg5
hxg5 22. c4 Nf6 23. Rfd1 Bd7 24. Nd2 g6 25. Ne4 Nxe4 26. fxe4 f5 27. c5 Ba4 28.
Re1 Rfd8 29. Bd3 dxc5 30. bxc5 Bb5 31. Bb1 Kg7 32. h3 Kf6 33. Re3 Rc7 34. Rf3
f4 35. Rfc3 g4 36. hxg4 Kg5 37. Kf2 Kxg4 38. Ba2 Kg5 39. d6 Rh7 40. Bd5 Kf6 41.
Rh3 Rhd7 42. Kf3 Rc8 43. Rhh1 Bc6 44. Bxc6 Rxc6 45. Kg4 Rc8 46. g3 fxg3 47.
Kxg3 Ke6 48. Rh6 Kf6 49. Rh2 Ke6 50. Rh6 Kf6 51. Kg4 Rxd6 52. Rf1+ Kg7 53. cxd6
Kxh6 54. d7 Rd8 55. Rf7 Rg8 56. Re7 Rd8 57. Rf7 Rg8 58. Re7 Rd8 59. Kh4 g5+ 60.
Kg4 Kg6 61. Rxe5 Rxd7 62. Re6+ Kf7 63. Rb6 Rd1 64. Kxg5 Ra1 65. Rxb7+ Ke6 66.
Rb6+ Ke5 67. Rxa6 Kxe4 68. Ra8 Kd5 69. a6 Ke5 1/2-1/2

[Event "ch-EST"]
[Site "Rakvere EST"]
[Date "2009.02.22"]
[Round "4"]
[White "Kulaots, K."]
[Black "Kanep, M."]
[Result "1/2-1/2"]
[WhiteElo "2573"]
[BlackElo "2513"]
[PlyCount "34"]
[EventDate "2009.02.20"]
[SourceDate "1999.07.01"]

1. e4 c5 2. Nf3 d6 3. d4 cxd4 4. Nxd4 Nf6 5. Nc3 a6 6. Be3 Ng4 7. Bc1 Nf6 8.
Be2 e5 9. Nb3 Be7 10. Bg5 Be6 11. Bxf6 Bxf6 12. Qd3 Nc6 13. O-O-O Qb6 14. Qxd6
Be7 15. Nd5 Bxd5 16. Qxd5 O-O 17. Qd2 Qxf2 1/2-1/2

[Event "25th Open"]
[Site "Cappelle la Grande FRA"]
[Date "2009.03.02"]
[Round "4"]
[White "Solodovnichenko, Y."]
[Black "Zakhartsov, Vi"]
[Result "1-0"]
[WhiteElo "2571"]
[BlackElo "2529"]
[PlyCount "85"]
[EventDate "2009.02.28"]
[SourceDate "1999.07.01"]

1. e4 c5 2. Nf3 d6 3. d4 cxd4 4. Nxd4 Nf6 5. Nc3 a6 6. Bg5 e6 7. f4 Qb6 8. Qd3
Qxb2 9. Rb1 Qa3 10. f5 Nc6 11. fxe6 fxe6 12. Nxc6 bxc6 13. Be2 Qa5 14. Bxf6
gxf6 15. O-O Be7 16. Bg4 O-O 17. Ne2 Qg5 18. Bh3 d5 19. Nf4 dxe4 20. Qxe4 Qc5+
21. Kh1 f5 22. Qe2 Rf6 23. g4 e5 24. Nh5 Rf7 25. gxf5 Bg5 26. Rg1 h6 27. Ng3
Kh8 28. Qh5 Qf8 29. Ne4 Be3 30. Rgf1 Bf4 31. f6 Bxh3 32. Qxh3 Rxf6 33. Nxf6
Qxf6 34. Rb7 Rd8 35. Qg2 Rg8 36. Qe4 Rg7 37. Rxg7 Kxg7 38. Rg1+ Kf8 39. Qb4+
Kf7 40. Qb7+ Kf8 41. Qc8+ Ke7 42. Qc7+ Kf8 43. Rb1 1-0

[Event "XXVI SuperGM"]
[Site "Linares ESP"]
[Date "2009.03.05"]
[Round "12"]
[White "Carlsen, M."]
[Black "Grischuk, A."]
[Result "1-0"]
[WhiteElo "2776"]
[BlackElo "2733"]
[PlyCount "73"]
[EventDate "2009.02.19"]
[SourceDate "1999.07.01"]

1. e4 c5 2. Nf3 d6 3. d4 cxd4 4. Nxd4 Nf6 5. Nc3 a6 6. Be2 e6 7. O-O Be7 8. a4
Nc6 9. Be3 O-O 10. f4 Qc7 11. Kh1 Re8 12. Bf3 Bf8 13. Qd2 Rb8 14. Qf2 e5 15.
fxe5 dxe5 16. Nb3 Nb4 17. Ba7 Ra8 18. Bb6 Qe7 19. Rad1 Be6 20. Nd5 Bxd5 21.
exd5 e4 22. d6 Qe6 23. Nc5 Qf5 24. Be2 Qxf2 25. Rxf2 Nbd5 26. a5 Nxb6 27. axb6
Rab8 28. Rxf6 gxf6 29. Nd7 f5 30. c4 a5 31. c5 Bg7 32. Nxb8 Rxb8 33. Ba6 Bf6
34. Bxb7 Rxb7 35. c6 Rxb6 36. Rc1 Bxb2 37. d7 1-0

[Event "25th Open"]
[Site "Cappelle la Grande FRA"]
[Date "2009.03.04"]
[Round "6"]
[White "Smirnov, I UKR."]
[Black "Leon Hoyos, M."]
[Result "0-1"]
[WhiteElo "2505"]
[BlackElo "2542"]
[PlyCount "82"]
[EventDate "2009.02.28"]
[SourceDate "1999.07.01"]

1. e4 c5 2. Nf3 d6 3. d4 cxd4 4. Nxd4 Nf6 5. Nc3 a6 6. Be3 e6 7. f3 b5 8. g4 h6
9. Qd2 Nbd7 10. O-O-O b4 11. Nce2 Qc7 12. h4 d5 13. Bg2 dxe4 14. g5 Nd5 15.
fxe4 Nxe3 16. Qxe3 hxg5 17. hxg5 Rxh1 18. Rxh1 Ne5 19. Rh8 Bd7 20. Nf4 O-O-O
21. g6 Qb6 22. gxf7 Nxf7 23. Rxf8 Rxf8 24. e5 Kb8 25. Qe4 Nd8 26. b3 Bc8 27.
Bh3 g5 28. Nfe2 Qa5 29. Kb1 Bb7 30. Qe3 Qd5 31. Kb2 Rg8 32. Bg4 Qe4 33. Qg3 Re8
34. Bh5 Rg8 35. Bg4 Rg7 36. a3 Rd7 37. Qg1 bxa3+ 38. Kxa3 Qxe5 39. Ka2 Rd6 40.
Qf2 Qc5 41. Qe3 e5 0-1

[Event "25th Open"]
[Site "Cappelle la Grande FRA"]
[Date "2009.03.07"]
[Round "9"]
[White "Salgado Lopez, I."]
[Black "Zakhartsov, Vi"]
[Result "0-1"]
[WhiteElo "2554"]
[BlackElo "2529"]
[PlyCount "60"]
[EventDate "2009.02.28"]
[SourceDate "1999.07.01"]

1. e4 c5 2. Nf3 d6 3. d4 cxd4 4. Nxd4 Nf6 5. Nc3 a6 6. Be3 e5 7. Nb3 Be6 8. Qd2
Nbd7 9. O-O-O Be7 10. f4 b5 11. Kb1 O-O 12. f5 Bc4 13. g4 Nxg4 14. Rg1 Nxe3 15.
Qxe3 Bxb3 16. Qh6 Bxc2+ 17. Kxc2 Bf6 18. Rxd6 Kh8 19. Qh5 Qe7 20. Qd1 Rfd8 21.
a3 Nb6 22. Rxd8+ Rxd8 23. Qc1 b4 24. axb4 Qxb4 25. Bxa6 Na4 26. Rd1 Nxc3 27.
Rxd8+ Bxd8 28. Qd2 Qxe4+ 29. Bd3 Qa4+ 30. Kc1 Bg5 0-1

[Event "25th Open"]
[Site "Cappelle la Grande FRA"]
[Date "2009.03.07"]
[Round "9"]
[White "Apicella, M."]
[Black "Dvoirys, S."]
[Result "1/2-1/2"]
[WhiteElo "2517"]
[BlackElo "2547"]
[PlyCount "58"]
[EventDate "2009.02.28"]
[SourceDate "1999.07.01"]

1. e4 c5 2. Nf3 d6 3. d4 cxd4 4. Nxd4 Nf6 5. Nc3 a6 6. Be2 e5 7. Nb3 Be7 8. O-O
Be6 9. Be3 Nbd7 10. a4 Rc8 11. f3 Nb6 12. a5 Nc4 13. Bxc4 Rxc4 14. Rf2 O-O 15.
Rd2 Nd7 16. Qe2 Qc8 17. Rc1 f5 18. exf5 Rxf5 19. Nd5 Bf8 20. Bf2 Rf7 21. c3 Rc6
22. Ra1 Nf6 23. Nxf6+ gxf6 24. Nc1 d5 25. Nd3 Rc4 26. Ne1 Rg7 27. Kh1 Bc5 28.
Nc2 Bxf2 29. Qxf2 Qc7 1/2-1/2

[Event "10th EICC"]
[Site "Budva MNE"]
[Date "2009.03.07"]
[Round "2"]
[White "Inarkiev, E."]
[Black "Brkic, A."]
[Result "1-0"]
[WhiteElo "2656"]
[BlackElo "2550"]
[PlyCount "81"]
[EventDate "2009.03.06"]
[SourceDate "1999.07.01"]

1. e4 c5 2. Nf3 d6 3. d4 cxd4 4. Nxd4 Nf6 5. Nc3 a6 6. Be3 e5 7. Nb3 Be7 8. f3
Be6 9. Qd2 O-O 10. O-O-O a5 11. Qe1 Qc8 12. a4 Nc6 13. g4 Nb4 14. g5 Ne8 15. f4
f5 16. h4 fxe4 17. fxe5 dxe5 18. Kb1 Nd6 19. Nc5 Bg4 20. Nd5 Nxd5 21. Rxd5 Nf5
22. Rg1 Nxe3 23. Qxe3 Rf3 24. Qxe4 Bxc5 25. Bc4 Kh8 26. Rxg4 Re3 27. Qg2 Bd4
28. Bb3 Qf8 29. Ka2 Rf3 30. Rg3 Rf2 31. Qe4 Rc8 32. h5 Rf4 33. Qd3 Rf1 34. c3
Bxc3 35. bxc3 e4 36. Qxe4 Re8 37. Qc2 Ree1 38. Kb2 Ra1 39. Ba2 Rf2 40. Rd2 Rff1
41. Rgd3 1-0

[Event "10th EICC"]
[Site "Budva MNE"]
[Date "2009.03.07"]
[Round "2"]
[White "Savchenko, B."]
[Black "Kovacevic, A."]
[Result "0-1"]
[WhiteElo "2654"]
[BlackElo "2543"]
[PlyCount "90"]
[EventDate "2009.03.06"]
[SourceDate "1999.07.01"]

1. e4 c5 2. Nf3 d6 3. d4 cxd4 4. Nxd4 Nf6 5. Nc3 a6 6. Bg5 e6 7. f4 Nbd7 8. Bc4
Qb6 9. Bb3 Be7 10. f5 Nc5 11. Qf3 Nxb3 12. Nxb3 Qc7 13. Nd4 Bd7 14. O-O-O O-O
15. g4 b5 16. Rhg1 b4 17. Nce2 Rac8 18. Kb1 e5 19. Bxf6 Bxf6 20. g5 Bd8 21. Nb3
Qxc2+ 22. Ka1 Bxg5 23. Rc1 Bxc1 24. Rxc1 Bb5 25. Rxc2 Rxc2 26. Nec1 Rfc8 27.
Qd1 a5 28. Kb1 R2c7 29. a3 a4 30. Na2 axb3 31. Qxb3 Rc4 32. axb4 Rxe4 33. Nc3
Re1+ 34. Kc2 Re2+ 35. Kc1 Bd3 36. b5 e4 37. Qd5 Rc2+ 38. Kd1 e3 39. Qxd3 Rd2+
40. Qxd2 exd2 41. b6 Kf8 42. b4 Ke7 43. Nd5+ Kd7 44. Kxd2 Re8 45. f6 Re5 0-1

[Event "10th EICC"]
[Site "Budva MNE"]
[Date "2009.03.08"]
[Round "3"]
[White "Timofeev, Arty"]
[Black "Neverov, V."]
[Result "1-0"]
[WhiteElo "2671"]
[BlackElo "2560"]
[PlyCount "97"]
[EventDate "2009.03.06"]
[SourceDate "1999.07.01"]

1. e4 c5 2. Nf3 d6 3. d4 cxd4 4. Nxd4 Nf6 5. Nc3 a6 6. Be3 e5 7. Nf3 Be7 8. Bc4
O-O 9. O-O Nc6 10. Re1 Be6 11. Nd5 Bxd5 12. exd5 Nb8 13. a4 Nbd7 14. a5 Ng4 15.
Bd2 f5 16. h3 Nh6 17. Bxh6 gxh6 18. Bf1 Bf6 19. b4 Bg7 20. c4 Rc8 21. Rc1 b6
22. axb6 Qxb6 23. Qa4 Rc7 24. c5 dxc5 25. d6 Qxd6 26. Red1 Qe7 27. Qa5 Nb8 28.
Rxc5 Rxc5 29. bxc5 e4 30. Nd4 Kh8 31. Qb6 Bxd4 32. Rxd4 e3 33. Qd6 exf2+ 34.
Kxf2 Qxd6 35. Rxd6 Kg7 36. Rb6 Rc8 37. Bd3 Nc6 38. Bxa6 Rc7 39. Rb7 Rxb7 40.
Bxb7 Ne7 41. Ke3 Kf6 42. c6 Nd5+ 43. Kd4 Nc7 44. Bc8 Na8 45. Bd7 Nc7 46. Kc5 f4
47. Kb6 Nd5+ 48. Kb7 f3 49. gxf3 1-0

[Event "10th EICC"]
[Site "Budva MNE"]
[Date "2009.03.08"]
[Round "3"]
[White "Lopez Martinez, Josep"]
[Black "Nepomniachtchi, I."]
[Result "1-0"]
[WhiteElo "2540"]
[BlackElo "2628"]
[PlyCount "69"]
[EventDate "2009.03.06"]
[SourceDate "1999.07.01"]

1. e4 c5 2. Nf3 d6 3. d4 cxd4 4. Nxd4 Nf6 5. Nc3 a6 6. Be3 e5 7. Nb3 Be7 8. f3
Be6 9. Qd2 O-O 10. O-O-O Nbd7 11. g4 Nb6 12. g5 Nfd7 13. h4 Qc7 14. Kb1 Rfc8
15. h5 a5 16. a3 Nc4 17. Bxc4 Qxc4 18. g6 fxg6 19. hxg6 hxg6 20. Qg2 Nf8 21. f4
exf4 22. Bxf4 Bf6 23. Bxd6 a4 24. Nd2 Qc6 25. Qh2 Bxc3 26. bxc3 Qxc3 27. Rc1
Nd7 28. Bb4 Qe3 29. Rcf1 Qh3 30. Qxh3 Bxh3 31. Rxh3 Nf6 32. e5 Ng4 33. e6 Nh6
34. Ne4 Re8 35. Rxh6 1-0

[Event "65th ch-RUS HL"]
[Site "?"]
[Date "2012.??.??"]
[Round "4"]
[White "Popov, Iv RUS"]
[Black "Nepomniachtchi, I."]
[Result "1/2-1/2"]
[WhiteElo "2605"]
[BlackElo "2715"]
[PlyCount "114"]
[EventDate "2012.??.??"]
[SourceDate "1999.07.01"]

1. e4 c5 2. Nf3 d6 3. d4 cxd4 4. Nxd4 Nf6 5. Nc3 a6 6. Be2 e6 7. O-O Qc7 8. a4
b6 9. f4 Bb7 10. Bf3 Nbd7 11. Qe2 Rc8 12. Be3 Qc4 13. Qf2 h5 14. h3 Nc5 15. e5
Nfe4 16. Nxe4 Nxe4 17. Bxe4 Bxe4 18. Rad1 dxe5 19. fxe5 Bg6 20. b3 Qc7 21. c4
Bc5 22. Nf3 O-O 23. Bxc5 bxc5 24. Rd6 Qb7 25. Qe3 Rb8 26. Nd2 Rfc8 27. Rf3 Rc6
28. Rg3 Qc7 29. Qf4 Rbb6 30. Rxc6 Qxc6 31. Kh2 Qd7 32. Qe3 Rb8 33. Ne4 Bxe4 34.
Qxe4 Qc7 35. Qf4 f6 36. Qxf6 Qf7 37. h4 a5 38. Qg5 Kh7 39. Qe3 Rd8 40. Qxc5 Rd1
41. Rf3 Qg6 42. Qe3 Qb1 43. Kg3 Kg8 44. Qf4 Rh1 45. Qf7+ Kh7 46. Qxh5+ Kg8 47.
Qf7+ Kh7 48. Qf4 Qe1+ 49. Rf2 Qc3+ 50. Kg4 Re1 51. g3 Qxb3 52. Kh3 Qxa4 53. Qd4
Qb3 54. Rd2 Qb7 55. Qd3+ Kg8 56. Qd8+ Kh7 57. Qd3+ Kg8 1/2-1/2

[Event "65th ch-RUS HL"]
[Site "?"]
[Date "2012.??.??"]
[Round "7"]
[White "Jakovenko, D."]
[Black "Khismatullin, D."]
[Result "1/2-1/2"]
[WhiteElo "2735"]
[BlackElo "2660"]
[PlyCount "49"]
[EventDate "2012.??.??"]
[SourceDate "1999.07.01"]

1. e4 c5 2. Nf3 d6 3. d4 cxd4 4. Nxd4 Nf6 5. Nc3 a6 6. Be2 e5 7. Nb3 Be7 8. O-O
O-O 9. Kh1 b6 10. Be3 Bb7 11. f3 b5 12. a4 b4 13. Nd5 Nxd5 14. exd5 Nd7 15. c3
bxc3 16. bxc3 Bg5 17. Bf2 Qc7 18. c4 Rab8 19. Bd3 Ba8 20. Qc2 g6 21. Rfd1 Rb4
22. Be1 Rbb8 23. Bf2 Rb4 24. Be1 Rbb8 25. Bf2 1/2-1/2

[Event "4th WGP Kazan"]
[Site "?"]
[Date "2012.??.??"]
[Round "10"]
[White "Muzychuk, A."]
[Black "Hou Yifan"]
[Result "1/2-1/2"]
[WhiteElo "2595"]
[BlackElo "2620"]
[PlyCount "73"]
[EventDate "2012.??.??"]
[SourceDate "1999.07.01"]

1. e4 c5 2. Nf3 d6 3. d4 cxd4 4. Nxd4 Nf6 5. Nc3 a6 6. Be3 e6 7. g4 e5 8. Nf5
h5 9. g5 Nxe4 10. Nxg7+ Bxg7 11. Nxe4 d5 12. Ng3 d4 13. Bd2 Nc6 14. Bd3 Bg4 15.
f3 Be6 16. Qe2 h4 17. Ne4 Qe7 18. a3 Rg8 19. O-O-O O-O-O 20. f4 exf4 21. Bxf4
Be5 22. Qf2 Qc7 23. Bxe5 Nxe5 24. Qxh4 Bg4 25. Rd2 Rh8 26. Qf2 Bf3 27. Re1
Nxd3+ 28. Rxd3 Rxh2 29. Nd6+ Qxd6 30. Qxf3 Kb8 31. Red1 Qe5 32. Qf6 Qxf6 33.
gxf6 Rf2 34. Rxd4 Rxd4 35. Rxd4 Rxf6 36. Rd7 Ka7 37. Kd2 1/2-1/2

[Event "16th Voronezh Master Open"]
[Site "?"]
[Date "2012.??.??"]
[Round "4"]
[White "Onischuk, V."]
[Black "Dvoirys, S."]
[Result "1/2-1/2"]
[WhiteElo "2515"]
[BlackElo "2570"]
[PlyCount "80"]
[EventDate "2012.??.??"]
[SourceDate "1999.07.01"]

1. e4 c5 2. Nf3 d6 3. d4 cxd4 4. Nxd4 Nf6 5. Nc3 a6 6. Be2 e5 7. Nb3 Be7 8. Bg5
Be6 9. Bxf6 Bxf6 10. Qd3 Nc6 11. O-O-O Nd4 12. Nxd4 exd4 13. Nd5 Bxd5 14. exd5
Qa5 15. Kb1 O-O-O 16. Qf5+ Kb8 17. Bd3 Rde8 18. Qh5 Re7 19. h4 h6 20. g3 Rf8
21. Qf3 Re5 22. g4 Rxd5 23. Qg2 g5 24. Qf3 Be5 25. hxg5 hxg5 26. Rh7 Bf4 27.
Bc4 Re5 28. a3 d5 29. Bb3 Re4 30. Qh3 Ka7 31. Ka2 Qc5 32. Qh6 Re2 33. Qg7 Bd2
34. Qf6 d3 35. Qf3 dxc2 36. Qxe2 cxd1=Q 37. Qxd1 Qxf2 38. Bxd5 Bf4 39. Qb3 Qb6
40. Qxb6+ Kxb6 1/2-1/2

[Event "16th Voronezh Master Open"]
[Site "?"]
[Date "2012.??.??"]
[Round "5"]
[White "Danin, A."]
[Black "Kokarev, Dm"]
[Result "1/2-1/2"]
[WhiteElo "2515"]
[BlackElo "2625"]
[PlyCount "63"]
[EventDate "2012.??.??"]
[SourceDate "1999.07.01"]

1. e4 c5 2. Nf3 d6 3. d4 cxd4 4. Nxd4 Nf6 5. Nc3 a6 6. Bc4 e6 7. Bb3 Nbd7 8. f4
Nc5 9. Qf3 b5 10. f5 e5 11. Nc6 Qd7 12. Nb4 Bb7 13. Nbd5 Ncxe4 14. Nxe4 Nxd5
15. Bg5 Be7 16. Bxe7 Kxe7 17. Bxd5 Bxd5 18. f6+ Kd8 19. O-O-O Bxe4 20. Qxe4 Kc7
21. fxg7 Rhg8 22. Rhf1 Rae8 23. Qxh7 f5 24. Qxf5 Qxf5 25. Rxf5 Rxg7 26. Rd2 Kd7
27. Kd1 Ke6 28. Rh5 Rg6 29. Rf2 Rc8 30. h3 Rc4 31. g4 Ra4 32. a3 1/2-1/2

[Event "16th Voronezh Master Open"]
[Site "?"]
[Date "2012.??.??"]
[Round "8"]
[White "Fedoseev, Vl3"]
[Black "Gabrielian, A."]
[Result "0-1"]
[WhiteElo "2545"]
[BlackElo "2570"]
[PlyCount "96"]
[EventDate "2012.??.??"]
[SourceDate "1999.07.01"]

1. e4 c5 2. Nf3 d6 3. d4 cxd4 4. Nxd4 Nf6 5. Nc3 a6 6. a4 e6 7. g3 Be7 8. Bg2
O-O 9. O-O Qc7 10. a5 Nc6 11. Nxc6 bxc6 12. Be3 Nd7 13. f4 Rb8 14. Na4 c5 15.
f5 Qxa5 16. e5 Nxe5 17. Nxc5 Qb5 18. Bd4 exf5 19. Ra3 Be6 20. Nxa6 Rbc8 21. b4
Nc6 22. Bf2 Rfd8 23. Qd2 Bf6 24. Re1 Ne5 25. Ra5 Qc4 26. Re2 Nc6 27. Bxc6 Qxc6
28. b5 Qb7 29. Rxe6 fxe6 30. Qe2 Qe4 31. Qxe4 fxe4 32. Ra2 Rd7 33. b6 Rb7 34.
Nc7 Bd8 35. Nb5 Bxb6 36. Nxd6 Bxf2+ 37. Kg2 Rd8 38. Nxb7 Rd2 39. Ra8+ Kf7 40.
Nd6+ Rxd6 41. Kxf2 Rd2+ 42. Ke3 Rxc2 43. h4 Rc3+ 44. Kf4 Rf3+ 45. Kg4 Kf6 46.
h5 Rf5 47. Ra3 h6 48. Kh4 Re5 0-1